[Event "AUTO-INT-1494"]
[Site "http://www.queenalice.com/game.php?id=672918"]
[Date "2009.10.26"]
[Round "1"]
[White "reniflex"]
[Black "bhblakie"]
[Result "0-1"]
[WhiteElo "1372"]
[BlackElo "1880"]

1. e4 e5 2. Nf3 f6 3. Bc4 Ne7 4. d4 d6 5. Bb5+ c6 6. Ba4 b5 7. Bb3 Bg4 8. dxe5
Bxf3 9. gxf3 dxe5 10. Qxd8+ Kxd8 11. Nc3 Ng6 12. Bf7 Nd7 13. b4 Bxb4 14. Bd2 Bc5
15. a4 b4 16. Ne2 Ke7 17. h4 Kxf7 18. h5 Ne7 19. f4 Bd4 20. Rb1 a5 21. Nxd4 exd4
22. e5 Nf5 23. exf6 Rhe8+ 24. Kf1 Nxf6 25. f3 Ng3+ 26. Kg2 Nxh1 27. Rxh1 Re2+
28. Kf1 Rxd2 29. Ke1 Rxc2 30. f5 d3 31. Kd1 Rd8 32. Ke1 Rc1+ 0-1

[Event "AUTO-INT-1494"]
[Site "http://www.queenalice.com/game.php?id=672919"]
[Date "2009.10.26"]
[Round "1"]
[White "bhblakie"]
[Black "reniflex"]
[Result "1-0"]
[WhiteElo "2029"]
[BlackElo "1357"]

1. e4 e5 2. b3 Nf6 3. d3 d5 4. f3 dxe4 5. fxe4 Bc5 6. Nf3 Nc6 7. c4 Bb4+ 8. Bd2
Bg4 9. Bxb4 Nxb4 10. Nc3 c5 11. Nd5 h5 12. Be2 Nbxd5 13. cxd5 Bxf3 14. Bxf3 Qa5+
15. Qd2 Qxd2+ 16. Kxd2 g5 17. Be2 g4 18. Raf1 Ke7 19. Rf2 h4 20. Rhf1 Rh6 21.
d6+ Kxd6 22. Rxf6+ Rxf6 23. Rxf6+ Ke7 24. Rf5 Rd8 25. Rxe5+ Kf8 26. Rxc5 b6 27.
Rc7 a5 28. Bxg4 b5 29. Bh5 f6 30. Rf7+ Ke8 31. Rxf6+ Ke7 32. e5 Rf8 33. Rxf8
Kxf8 34. d4 1-0

[Event "AUTO-INT-1494"]
[Site "http://www.queenalice.com/game.php?id=672920"]
[Date "2009.10.26"]
[Round "1"]
[White "reniflex"]
[Black "MarTraM"]
[Result "0-1"]
[WhiteElo "1376"]
[BlackElo "1807"]

1. e4 e6 2. Nc3 d5 3. Bb5+ c6 4. Ba4 b5 5. Bb3 Nf6 6. d3 Bb4 7. a3 Bxc3+ 8. bxc3
O-O 9. Bg5 a5 10. a4 h6 11. Nf3 hxg5 12. Nxg5 dxe4 13. dxe4 Qxd1+ 14. Kxd1 Nbd7
15. c4 bxc4 16. Bxc4 Nc5 17. f3 Ba6 18. Bxa6 Nxa6 19. g4 Nc5 20. h4 Rfd8+ 21.
Ke1 Rab8 22. h5 Nh7 23. Nxh7 Kxh7 24. g5 Rb4 25. c3 Rxa4 26. Rd1 Rxd1+ 27. Kxd1
Ra1+ 28. Ke2 Rxh1 29. c4 Rxh5 30. f4 Nxe4 31. Ke3 Nd6 0-1

[Event "AUTO-INT-1494"]
[Site "http://www.queenalice.com/game.php?id=672921"]
[Date "2009.10.26"]
[Round "1"]
[White "MarTraM"]
[Black "reniflex"]
[Result "1-0"]
[WhiteElo "1805"]
[BlackElo "1378"]

1. d4 d5 2. c4 dxc4 3. Nc3 Nc6 4. Nf3 Bg4 5. e3 e5 6. d5 Nb4 7. e4 f5 8. Bxc4
Bxf3 9. Qxf3 g6 10. O-O Nc2 11. Rb1 Nf6 12. exf5 c6 13. Qe2 Nb4 14. Qxe5+ Qe7
15. Qxe7+ Bxe7 16. Re1 cxd5 17. Bb5+ Kf8 18. a3 Nd3 19. Bxd3 d4 20. Nb5 h5 21.
Bg5 a6 22. Nxd4 Bc5 23. Bxf6 Rg8 24. Ne6+ Kf7 25. Nxc5 Kxf6 26. Re6+ Kg7 27.
Rxg6+ Kh8 28. Rxg8+ Kxg8 29. Nxb7 Re8 30. Bxa6 Kg7 31. Bc4 1-0

[Event "Kraj´s Challenge"]
[Site "http://www.queenalice.com/game.php?id=673896"]
[Date "2009.10.28"]
[Round "-"]
[White "reniflex"]
[Black "Krajnicov"]
[Result "0-1"]
[WhiteElo "1421"]
[BlackElo "1425"]

1. e4 e5 2. Nf3 Qf6 3. d3 Bc5 4. c4 Bd4 5. Be3 Qb6 6. h4 Qxb2 7. Nbd2 Nc6 8. g4
d6 9. Bxd4 Nxd4 10. Nxd4 exd4 11. g5 a5 12. Qc1 Qb4 13. Rb1 Qa4 14. Nb3 c5 15.
Qf4 Qxa2 16. Rc1 Qxb3 17. Qxd6 Bg4 18. Bh3 Bf3 19. Rg1 Qxd3 20. Bg2 Qe2# 0-1

[Event "AUTO-INT-1506"]
[Site "http://www.queenalice.com/game.php?id=678879"]
[Date "2009.11.6"]
[Round "1"]
[White "reniflex"]
[Black "robertson"]
[Result "0-1"]
[WhiteElo "1384"]
[BlackElo "1640"]

1. Nf3 e6 2. d4 d5 3. Bg5 Qd6 4. Nc3 f6 5. Be3 g5 6. h4 g4 7. Nd2 e5 8. dxe5
Qxe5 9. f4 Qf5 10. Nb5 Qd7 11. Nd4 Bc5 12. c3 Nc6 13. b4 Bd6 14. f5 Bg3+ 15. Bf2
Be5 16. Ne6 Qf7 17. Nc5 Bxc3 18. Rc1 d4 19. e3 Qe7 20. Bb5 dxe3 21. Bxe3 Bxb4
22. Bxc6+ bxc6 23. Nd3 Qxe3+ 24. Qe2 Bxd2+ 25. Kd1 Ba6 26. Qxd2 Qd4 27. Rxc6
Bxd3 28. Re1+ Ne7 0-1

[Event "AUTO-INT-1506"]
[Site "http://www.queenalice.com/game.php?id=678880"]
[Date "2009.11.6"]
[Round "1"]
[White "robertson"]
[Black "reniflex"]
[Result "1-0"]
[WhiteElo "1634"]
[BlackElo "1390"]

1. e4 Nf6 2. d3 b5 3. Qf3 e5 4. c3 c6 5. Be3 d5 6. Nd2 a5 7. Ne2 Bg4 8. Qg3 Bd6
9. f3 Bh5 10. exd5 Rg8 11. dxc6 Nxc6 12. Qh3 b4 13. Nc4 h6 14. Bb6 Qd7 15. Qg3
Ra6 16. Qf2 bxc3 17. Nxc3 Bb4 18. a3 Bxc3+ 19. bxc3 g5 20. Qc5 Qe6 21. Nd6+ Kd7
22. Nc4 Nd5 23. Rb1 Qf5 24. Qxd5+ Ke8 25. Nd6+ Kf8 26. Nxf5 Bg6 27. Bc5+ Ke8 28.
Nd6+ Kd8 29. Rb7 1-0

[Event "AUTO-INT-1506"]
[Site "http://www.queenalice.com/game.php?id=678881"]
[Date "2009.11.6"]
[Round "1"]
[White "reniflex"]
[Black "bananaman"]
[Result "0-1"]
[WhiteElo "1374"]
[BlackElo "1718"]

1. d3 g6 2. e4 Bg7 3. g4 d6 4. d4 Nd7 5. d5 c5 6. b3 Bxa1 7. Bb5 Qa5+ 8. c3 Qxb5
9. c4 Qa6 10. Qd2 Bg7 11. Nf3 Ne5 12. Qe2 Bxg4 13. h3 Bxf3 14. Qb2 Nd3+ 15. Kd2
Nxb2 16. Bxb2 Qxa2 17. Kc2 Qxb2+ 18. Kd3 Bxh1 19. Ke3 Bh6+ 20. f4 Nf6 21. Nd2
Nh5 22. e5 Bxf4+ 23. Kd3 Qxd2# 0-1

[Event "AUTO-INT-1506"]
[Site "http://www.queenalice.com/game.php?id=678882"]
[Date "2009.11.6"]
[Round "1"]
[White "bananaman"]
[Black "reniflex"]
[Result "1-0"]
[WhiteElo "1795"]
[BlackElo "1340"]

1. Nf3 d6 2. g3 e5 3. d3 a5 4. Bg2 Bg4 5. h3 Bf5 6. O-O e4 7. Nh4 g6 8. Nxf5
gxf5 9. dxe4 fxe4 10. Bxe4 Nf6 11. Bxb7 Ra7 12. Bg2 d5 13. Be3 c5 14. c3 Nc6 15.
Qa4 Ra6 16. Nd2 c4 17. Rad1 Rb6 18. Nxc4 Ra6 19. Bg5 Bc5 20. Bxd5 h6 21. Bxc6+
Kf8 22. Rxd8+ Kg7 23. Bxf6+ Kxf6 24. Rxh8 Bd6 25. Rxh6+ Ke7 26. Nxd6 Kf8 27. Qf4
1-0

[Event "AUTO-INT-1506"]
[Site "http://www.queenalice.com/game.php?id=678883"]
[Date "2009.11.6"]
[Round "1"]
[White "reniflex"]
[Black "kanibal"]
[Result "0-1"]
[WhiteElo "1319"]
[BlackElo "1614"]

1. d3 d5 2. Nc3 d4 3. Nb5 a6 4. Na3 e5 5. Nf3 Bd6 6. Nc4 Qe7 7. Bg5 f6 8. Bd2 b5
9. Na5 Bb4 10. Nb3 Bxd2+ 11. Qxd2 Nh6 12. g3 O-O 13. O-O-O Bg4 14. h3 Bxf3 15.
exf3 Nc6 16. c3 a5 17. c4 a4 18. cxb5 Nb4 19. a3 axb3 20. f4 Na2+ 21. Kb1 Qc5
22. fxe5 Qxe5 23. Re1 Qxb5 24. Bg2 Rac8 0-1

[Event "AUTO-INT-1506"]
[Site "http://www.queenalice.com/game.php?id=678884"]
[Date "2009.11.6"]
[Round "1"]
[White "kanibal"]
[Black "reniflex"]
[Result "1-0"]
[WhiteElo "1609"]
[BlackElo "1324"]

1. d4 d6 2. e4 Nf6 3. e5 dxe5 4. dxe5 Qxd1+ 5. Kxd1 Ne4 6. Be3 Nc6 7. Bd3 Nxf2+
8. Bxf2 Bg4+ 9. Be2 Nxe5 10. h3 Bf5 11. Bg3 Nc6 12. Bxc7 Rc8 13. Bh2 e5 14. Nc3
Nd4 15. Bd3 b5 16. Bxf5 Rd8 17. Bd3 b4 18. Ne4 f5 19. Ng5 a5 20. Bxe5 h6 21.
N5f3 Bd6 22. Bxd4 Rg8 23. Bb6 Rb8 24. Bxa5 1-0

[Event "AUTO-BEG-320"]
[Site "http://www.queenalice.com/game.php?id=705749"]
[Date "2009.12.30"]
[Round "2"]
[White "Elienay"]
[Black "reniflex"]
[Result "1-0"]
[WhiteElo "1435"]
[BlackElo "1415"]

1. b3 e5 2. g3 Nf6 3. Bg2 d5 4. Bb2 c5 5. Bxe5 Bd6 6. Bxd6 Qxd6 7. Bh3 Bxh3 8.
Nxh3 Ne4 9. f3 Nf6 10. O-O Qe5 11. Nc3 Nc6 12. e4 dxe4 13. Qe2 Rd8 14. Nxe4 Nd4
15. Qc4 Nxe4 16. d3 Nxg3 17. Rfe1 Nde2+ 18. Kf2 Rd4 19. Qb5+ Rd7 20. c3 Nxc3 21.
Rxe5+ Kd8 22. Kxg3 f6 23. Rxc5 Nxb5 24. Rxb5 a6 25. Rc5 b6 26. Rc6 Rb7 27. Rac1
Kd7 28. Nf4 g5 29. Nd5 1-0

[Event "AUTO-BEG-320"]
[Site "http://www.queenalice.com/game.php?id=705750"]
[Date "2009.12.30"]
[Round "2"]
[White "reniflex"]
[Black "Elienay"]
[Result "0-1"]
[WhiteElo "1400"]
[BlackElo "1450"]

1. e4 b6 2. Nc3 g6 3. d3 f5 4. exf5 gxf5 5. f4 Bb7 6. h4 Nf6 7. b4 a5 8. bxa5
bxa5 9. d4 e5 10. dxe5 Ne4 11. Nxe4 fxe4 12. f5 Bb4+ 13. Bd2 d6 14. Bb5+ Bc6 15.
c4 dxe5 16. a3 Bxd2+ 17. Qxd2 O-O 18. Qg5+ Kf7 19. Qxd8 Rxd8 20. h5 e3 21. Rh3
Bxg2 22. Rh2 Rd2 23. Rd1 Rxd1+ 24. Kxd1 Be4 25. Ke2 c6 26. Rh4 Bxf5 27. Ba4 c5
28. Kxe3 Na6 0-1

[Event "AUTO-INT-1666"]
[Site "http://www.queenalice.com/game.php?id=757697"]
[Date "2010.4.7"]
[Round "1"]
[White "PedroBritto"]
[Black "reniflex"]
[Result "1-0"]
[WhiteElo "1529"]
[BlackElo "1374"]

1. a4 Nc6 2. e4 Nf6 3. Nc3 e5 4. d3 Bb4 5. Ne2 Bxc3+ 6. Nxc3 d6 7. Bd2 Bg4 8. f3
Be6 9. Nb5 Nd4 10. Nxd4 c5 11. Nxe6 Qe7 12. Nxg7+ Kf8 13. Bh6 Ng8 14. Ne6+ Ke8
15. Ng7+ 1-0